Teoría marxista de la educación /

La literatura pedagógica en lengua española se enriquece con esta obra, básica para quienes pretendan penetran en las más profundas raíces del carácter y la naturaleza de la educación.\No se trata de un estudio didáctico o metodológico, sino de un análisis profundo de la esencia y principios que imp...

Descripción completa

Detalles Bibliográficos
Autor principal: Suchodolski, Bogdan
Formato: Libro
Lenguaje:español
Publicado: México Grijalbo 1966
Colección:Colección pedagógica
Materias:

MARC

LEADER 00000cam a2200000 a 4500
001 013950
003 UAHC_CL
005 20170803121058.0
008 040610b1966 mx 000 spa
040 |a UAHC_CL  |c UAHC_CL  |d UAHC_CL 
100 1 |a Suchodolski, Bogdan 
245 1 0 |a Teoría marxista de la educación /  |c B. Suchodolski. 
260 |b Grijalbo  |a México  |c 1966 
300 |a xv, 382 p. 
490 0 |a Colección pedagógica 
504 |a Bibliografía: p. [369]-370 
520 |a La literatura pedagógica en lengua española se enriquece con esta obra, básica para quienes pretendan penetran en las más profundas raíces del carácter y la naturaleza de la educación.\No se trata de un estudio didáctico o metodológico, sino de un análisis profundo de la esencia y principios que impregnan la actividad educativa, del carácter de clase de la educación, del valor de la enseñanza en la dinámica social y de los objetivos de la educacións egún sea la clase social que dirija el programa educativo. Un estudio de esta naturaleza debía partir, y parte en realidad, del concepto del hombre como ente social integrado en una clase determinada. En teoría Marxista de la Educación, el concepto marxista del hombre queda perfilado con toda nítidez, según las determinaciones que de forma tan radical y definita expusieron en sus obras los creadores del socialismo científico.\El gran mérito de esta obra consiste en la fidelidad del autor a las concepciones de Marx y Engels en materia educativa. Se trata de un trabajo que resume en forma precisa las ideas pedagógicas diseminadas en la obra polifacética de los creadores de la ideología revolucionaria de la sociedad contemporánez. Un texto de gran valor teórico. 
650 4 |a MATERIALISMO DIDACTICO 
650 4 |a EDUCACION 
653 |a ESTUDIOS GENERALES 
900 |a 370.1 SUC 
942 |c BK 
952 |0 0  |1 0  |4 0  |6 370_100000000000000_SUC  |7 0  |8 General  |9 27978  |a BC  |b BC  |c General  |d 2017-08-03  |o 370.1 SUC  |p 1344168  |r 2017-08-03 00:00:00  |t 1  |w 2017-08-03  |y BK 
999 |c 13950  |d 13950